| 000 | 00329nam a22001217a 4500 | ||
|---|---|---|---|
| 082 |
_a297 _bARM _cM |
||
| 100 |
_aArmstrong, Karen _99646 |
||
| 245 |
_aMuhammad _bA Prophet for our time |
||
| 260 |
_aRawalpindi, _bArmy publishing house, _c2006. |
||
| 300 | _a249p. | ||
| 526 |
_a0 _b0 _c0 _d297_000000000000000_ARM |
||
| 942 |
_2ddc _cBK |
||
| 999 |
_c553897 _d553897 |
||